Consideraciones sobre ecología y educación
Guardat en:
| Autor principal: | |
|---|---|
| Format: | Llibre |
| Idioma: | espanyol |
| Publicat: |
Santiago
Cinterplan
1982
|
| Matèries: | |
| Etiquetes: |
Afegir etiqueta
Sense etiquetes, Sigues el primer a etiquetar aquest registre!
|
MARC
| LEADER | 00000nam a2200000 a 4500 | ||
|---|---|---|---|
| 001 | UCW5853 | ||
| 003 | CL-VaPUC | ||
| 008 | 910816e19820000CL |||||||||||||||||spa|d | ||
| 082 | 0 | 4 | |a 372.357 |b OLI |2 21 |
| 100 | |a Olivares G., Marcial |e autor |9 310902 | ||
| 245 | 1 | 0 | |a Consideraciones sobre ecología y educación |
| 300 | |a 32 h | ||
| 942 | |c BK | ||
| 945 | |d 19910816 00:00:00 | ||
| 260 | |a Santiago |b Cinterplan |c 1982 | ||
| 650 | 7 | |a ECOLOGIA ENSEÑANZA |2 CL-VaPUC |9 310903 | |
| 650 | 7 | |a HOMBRE INFLUENCIA SOBRE LA NATURALEZA |2 CL-VaPUC |9 261172 | |
| 583 | |a last modification |c 19910816 00:00:00 |k Rodrigo Vera | ||
| 999 | |c 219166 |d 219164 | ||
| 952 | |0 0 |1 0 |4 0 |6 372_357000000000000_OLI_1982 |7 0 |8 P |9 209750 |a BIBEDU |b BIBEDU |c BIBEDU_PB |d 2019-11-15 |i 2776324 |o 372.357 OLI 1982 |p 2776324 |r 2024-01-25 |w 2019-11-15 |y BK |k EDU | ||